| 000 | 01377nam a2200361 i 4500 | ||
|---|---|---|---|
| 003 | CO-PeBPM | ||
| 005 | 20250910093357.0 | ||
| 007 | ta | ||
| 008 | 231129s2023 ck a|||br 000 j spa d | ||
| 020 | _a9786289568950 | ||
| 040 |
_aCO-PeBPM _bspa _erda _cCO-PeBPM |
||
| 041 | 0 | _hspa | |
| 043 |
_0e-sp--- _0s-ck--- |
||
| 082 | 0 | 4 |
_a(i) 863 N638ó _222 |
| 100 | 1 |
_aNicolás, Sara, _d1978- _eautora _9279146 |
|
| 245 | 1 | 1 |
_a¡Ouah! _b/ Sara Nicolás y Óscar Rull ; ilustraciones Rafa Antón |
| 250 | _aEdición especial | ||
| 264 | 1 |
_aBogotá, Colombia _b: A S ediciones _c, ©2023 |
|
| 300 |
_a34 páginas sin numerar _bilustraciones a color _c30 cm |
||
| 336 |
_atexto _btxt _2rdacontent |
||
| 337 |
_asin mediación _bn _2rdamedia |
||
| 338 |
_avolumen _bnc _2rdacarrier |
||
| 490 | _aPlan Nacional de Lectura, Escritura y Oralidad / Ministerio de Cultura | ||
| 521 | 1 | _aRecomendado para un público infantil a partir de los 6 años. | |
| 650 | 1 | 4 |
_aCuentos infantiles españoles _ySiglo XXI _2LEMB _923192 |
| 650 | 1 | 4 |
_aLiteratura infantil española _ySiglo XXI _2LEMB _9279147 |
| 650 | 1 | 4 |
_aAutoras españolas _2LEMB _981764 |
| 650 | 1 | 4 |
_aAnimales en la literatura _2LEMB _9378 |
| 700 | 1 | 4 |
_aRull, Óscar _eautor _9279148 |
| 700 | 1 |
_aAntón, Rafa _eilustrador _9279149 |
|
| 942 |
_2ddc _cLITA |
||
| 999 |
_c60259 _d60259 |
||